| 000 | 00620nam a2200229Ia 4500 | ||
|---|---|---|---|
| 001 | 894 | ||
| 003 | GE_BSU | ||
| 008 | 181216s||||||||xx |||||||||||||| ||und|| | ||
| 020 | _a5238008236 | ||
| 040 | _cGE_BSU | ||
| 080 | _a374.7(075.8) | ||
| 100 | _aГромкова,М.Т. | ||
| 245 | _aАндрагогика. | ||
| 245 | _bТеория и практика образования взрослых. для студ.высш.учеб.завед. | ||
| 260 | _aМосква | ||
| 260 | _bЮНИТИ | ||
| 260 | _c2005 | ||
| 300 | _a495 с. | ||
| 541 | _h12 л. | ||
| 653 | _aАндрагогика | ||
| 942 | _cBK | ||
| 999 |
_c35054 _d35054 |
||